Pays qui reconnaissent le Kosovo - Statistiques

Statistiques générales
  • Ce quiz a été pris 29 fois
  • Le résultat moyen est 54 sur 105
Statistiques - réponses
Reconnaissance par l'ONU Pays % Correct
Oui France
96%
Oui États-Unis
88%
Oui Albanie
84%
Oui Canada
80%
Oui Italie
76%
Oui Allemagne
72%
Oui Belgique
72%
Oui Macédoine du Nord
72%
Oui Royaume-Uni
72%
Oui Croatie
68%
Oui Estonie
68%
Oui Israël
68%
Oui Lituanie
68%
Oui Portugal
68%
Oui Suisse
68%
Oui Japon
64%
Oui Lettonie
64%
Oui Andorre
60%
Oui Arabie saoudite
60%
Oui Australie
60%
Oui Autriche
60%
Oui Bulgarie
60%
Oui Colombie
60%
Oui Danemark
60%
Oui Egypte
60%
Oui Irlande
60%
Oui Luxembourg
60%
Oui Monténégro
60%
Oui Norvège
60%
Oui Oman
60%
Oui Slovénie
60%
Oui Suède
60%
Oui Finlande
56%
Oui Monaco
56%
Oui Niger
56%
Oui Pologne
56%
Oui Salvador
56%
Oui Sénégal
56%
Oui Belize
52%
Oui Corée du Sud
52%
Oui Guinée
52%
Oui Hongrie
52%
Oui Malte
52%
Oui Nouvelle-Zélande
52%
Oui Pakistan
52%
Oui Pays-Bas
52%
Oui Perou
52%
Oui Qatar
52%
Oui République dominicaine
52%
Oui Syrie
52%
Oui Tchad
52%
Oui Turquie
52%
Oui Yémen
52%
Oui Afghanistan
48%
Oui Burkina Faso
48%
Oui Costa Rica
48%
Oui Gambie
48%
Oui Iles Marshall
48%
Oui Liechtenstein
48%
Oui Maldives
48%
Oui Panama
48%
Oui République Tchèque
48%
Oui Saint-Marin
48%
Oui Somalie
48%
Oui Soudan
48%
Oui Thaïlande
48%
Oui Tonga
48%
Oui Côte d'Ivoire
44%
Oui Émirats arabes unis
44%
Oui Fidji
44%
Oui Guyana
44%
Oui Honduras
44%
Oui Islande
44%
Oui Libye
44%
Oui Mauritanie
44%
Oui Samoa
44%
Oui Singapour
44%
Oui Bahamas
40%
Oui Bahreïn
40%
Oui Comores
40%
Oui Eswatini
40%
Oui Ghana
40%
Oui Haïti
40%
Oui Kenya
40%
Oui Libéria
40%
Oui Liberia
40%
Oui Malaisie
40%
Oui Bénin
36%
Oui Brunei Darussalam
36%
Oui Jordanie
36%
Oui Kiribati
36%
Oui Koweït
36%
Oui Sierra Leone
36%
Non Taiwan
36%
Oui Tanzanie
36%
Oui Bangladesh
32%
Oui Malawi
32%
Oui Micronésie
32%
Oui Saint-Christophe-et-Niévès
32%
Oui Timor oriental
32%
Oui Tuvalu
32%
Oui Vanuatu
28%
Oui Djibouti
24%
Aucun quiz correspondant
Distribution des résultats
% des personnes avec chaque résultat
Percentile par nombre de réponses
Votre historique - résultats
Vous n’avez pas pris ce quiz